Jornades de presentació dels indicadors de sostenibilitat
Descripción Física:
1 tríptic ; 21 cm
MARC
| LEADER | 00000nam a2200000Ia 4500 | ||
|---|---|---|---|
| 001 | 24589 | ||
| 003 | BGR | ||
| 005 | 20260324180615.0 | ||
| 008 | 160829s9999 xx 000 0 cat d | ||
| 080 | |a FU-67-80 | ||
| 111 | |a Fòrum Barcelona sostenible cívic |9 70900 |c (Barcelona : |d 1998) | ||
| 245 | |a Jornades de presentació dels indicadors de sostenibilitat | ||
| 260 | |a Barcelona : |b Centre de Cultura Contemporània de Barcelona, [1998] | ||
| 300 | |a 1 tríptic ; |c 21 cm | ||
| 590 | |a Inclou el programa de les jornades i una butlleta d'inscripció. | ||
| 590 | |a Amb la col·laboració de l'Àrea de Medi Ambient de la Diputació de Barcelona | ||
| 650 | 0 | |a Desenvolupament sostenible |x Barcelona (Província) |9 49713 | |
| 710 | 2 | |a Centre de Cultura Contemporània de Barcelona |9 52510 | |
| 710 | |a Barcelona (Catalunya : Província). |b Àrea de Medi Ambient |9 52987 | ||
| 901 | |a Arxiu | ||
| 942 | |n 1 |2 udc |c MON | ||
| 952 | |0 0 |1 0 |4 0 |6 FU6780 |7 1 |9 55706 |a Arxiu |b Arxiu |d 2016-12-01 |l 0 |o FU-67-80 |p 24589 |r 2016-12-01 00:00:00 |w 2016-12-01 |y ARXIU | ||
| 999 | |c 59579 |d 59579 | ||